| 000 | 00531nam a2200229Ia 4500 | ||
|---|---|---|---|
| 005 | 20260320201604.0 | ||
| 008 | 008 262003s9999 xx 000 0 eng d | ||
| 037 | _aEBOOK | ||
| 040 | _aCRL | ||
| 040 | _beng | ||
| 040 | _cCRL | ||
| 041 | _2eng | ||
| 041 | _aeng | ||
| 084 | _qCRL | ||
| 100 |
_aKumar Negi _91135434 |
||
| 245 | 0 | _aBasics of CNC Programming | |
| 260 | _bIEEE | ||
| 856 | _uhttps://ieeexplore.ieee.org/servlet/opac?bknumber=9218772 | ||
| 942 | _cEBOOK | ||
| 999 |
_c1722236 _d1722236 |
||